000 01385nam a22002297a 4500
005 20250805141639.0
010 _a HIN-130148 B-765402-5427 25BACHN25
020 _a9789354887062
_c550.00
035 _aB-765402-5427
035 _aHN-102494
037 _bप्रभात एग्जाम
037 _bDBAD
082 _a000
100 _aरणजीत कुमार सिंह
_983778
245 _aNCERT की पाठशाला:
_bभारत का संविधान एवं राजव्यवस्था/
_cरणजीत कुमार सिंह
260 _aनई दिल्ली
_bप्रभात एग्जाम
270 _a4/19 आसफ अली रोड,
_bनई दिल्ली
_e110002
_k23289555
_k23289666
_k23289777
_k7827007777
_mprabhatbooks@gmail.com
300 _aविस्तृत पृ
_c28 सेमी (अजिल्द)
500 _aकक्षा 6-12
942 _cHN
_2ddc
_h000
_mरणजी
999 _c209875
_d209875